<?xml version="1.0" encoding="UTF-8"?><?xml-stylesheet type="text/xsl" href="static/style.xsl"?><OAI-PMH xmlns="http://www.openarchives.org/OAI/2.0/" xmlns:xsi="http://www.w3.org/2001/XMLSchema-instance" xsi:schemaLocation="http://www.openarchives.org/OAI/2.0/ http://www.openarchives.org/OAI/2.0/OAI-PMH.xsd"><responseDate>2026-06-02T05:56:47Z</responseDate><request verb="GetRecord" identifier="oai:riuma.uma.es:10630/41267" metadataPrefix="marc">https://riuma.uma.es/rest/oai/request</request><GetRecord><record><header><identifier>oai:riuma.uma.es:10630/41267</identifier><datestamp>2026-03-06T10:42:01Z</datestamp><setSpec>com_10630_2254</setSpec><setSpec>col_10630_37953</setSpec></header><metadata><record xmlns="http://www.loc.gov/MARC21/slim" xmlns:dcterms="http://purl.org/dc/terms/" xmlns:doc="http://www.lyncode.com/xoai" xmlns:xsi="http://www.w3.org/2001/XMLSchema-instance" xsi:schemaLocation="http://www.loc.gov/MARC21/slim http://www.loc.gov/standards/marcxml/schema/MARC21slim.xsd">
   <leader>00925njm 22002777a 4500</leader>
   <datafield ind2=" " ind1=" " tag="042">
      <subfield code="a">dc</subfield>
   </datafield>
   <datafield ind2=" " ind1=" " tag="720">
      <subfield code="a">Ascorra, Paula</subfield>
      <subfield code="e">author</subfield>
   </datafield>
   <datafield ind2=" " ind1=" " tag="720">
      <subfield code="a">Bilbao, Mirían</subfield>
      <subfield code="e">author</subfield>
   </datafield>
   <datafield ind2=" " ind1=" " tag="720">
      <subfield code="a">Cárdenas, Karen</subfield>
      <subfield code="e">author</subfield>
   </datafield>
   <datafield ind2=" " ind1=" " tag="720">
      <subfield code="a">López, Verónica</subfield>
      <subfield code="e">author</subfield>
   </datafield>
   <datafield ind2=" " ind1=" " tag="720">
      <subfield code="a">Carrasco-Aguilar, Claudia</subfield>
      <subfield code="e">author</subfield>
   </datafield>
   <datafield ind2=" " ind1=" " tag="260">
      <subfield code="c">2022</subfield>
   </datafield>
   <datafield ind2=" " ind1=" " tag="520">
      <subfield code="a">El proyecto de ley “Aula Segura” instaló en Chile la necesidad de discutir y revisar la&#xd;
forma en que se significa y mide la convivencia escolar. Si bien la discusión ciudadana, parlamentaria&#xd;
y de investigadores ha oscilado entre un enfoque de seguridad y un enfoque democratizador de la convivencia escolar, queda pendiente identificar cómo se conceptualiza y cómo se mide la&#xd;
convivencia escolar en los cuestionarios que acompañan la prueba estandarizada nacional del&#xd;
Sistema de Medición de la Calidad Educativa (SIMCE). Dado lo anterior, se buscó comprender esta&#xd;
conceptualización y explorar los indicadores de estudiantes y apoderados en relación con el&#xd;
Indicador de Convivencia Escolar informado a cada establecimiento. Se realizó estudio de diseño&#xd;
mixto secuencial cualitativo (análisis documental) y cuantitativo (análisis secundario de las bases de&#xd;
datos SIMCE 2014, 2015 y 2017). Los hallazgos ponen en evidencia la existencia de una&#xd;
conceptualización estrecha de convivencia escolar vinculada al orden, seguridad y disciplina. Por su&#xd;
parte, los indicadores de estudiantes y apoderados son significativamente diferentes entre sí. Se&#xd;
presentan recomendaciones para la política pública tendientes a ampliar el constructo, revisar las&#xd;
ponderaciones, desagregar el indicador por actor educativo y reportar los resultados de la evaluación&#xd;
por dimensiones.</subfield>
   </datafield>
   <datafield ind1="8" ind2=" " tag="024">
      <subfield code="a">Ascorra, P., Bilbao, M., Cárdenas, K., López, V., &amp; Carrasco, C. (2022). ¿Qué informan los índices multiactor sobre convivencia escolar en Chile? Un análisis de diseño mixto. Education Policy Analysis Archives, 30, (151). https://doi.org/10.14507/epaa.30.6873</subfield>
   </datafield>
   <datafield ind1="8" ind2=" " tag="024">
      <subfield code="a">https://hdl.handle.net/10630/41267</subfield>
   </datafield>
   <datafield ind1="8" ind2=" " tag="024">
      <subfield code="a">10.14507/epaa.30.6873</subfield>
   </datafield>
   <datafield tag="653" ind2=" " ind1=" ">
      <subfield code="a">Ambiente escolar</subfield>
   </datafield>
   <datafield ind2="0" ind1="0" tag="245">
      <subfield code="a">¿Qué informan los índices multiactor sobre convivencia escolar en Chile? Un análisis de diseño mixto</subfield>
   </datafield>
</record>
</metadata></record></GetRecord></OAI-PMH>